000
00309nam a2200133Ia 4500
005
20251222143134.0
008
251222s9999||||xx |||||||||||||| ||spa||
020
_a
84-8280-782-X
082
_a
848.8/V53E
100
_a
Verne, Julio
245
0
_a
Escuela de Robinsones
264
_b
Oveja Negra
942
_c
LIB
999
_c
12037
_d
12037